| 000 | 00596nam a2200193 i 4500 | ||
|---|---|---|---|
| 001 | 23374 | ||
| 003 | ES-MaACL | ||
| 005 | 20230906152848.0 | ||
| 007 | t| | ||
| 008 | 021210s1952 sp ||||1| spa d | ||
| 100 | 1 |
_aÁlvarez Blázquez, Xosé María. _920707 |
|
| 245 | 1 | 4 |
_aUna cabaña en el cielo / _cJosé María Alvarez Blázquez. |
| 260 |
_a[La Coruña] : _bManuel Moret, _c[1952] |
||
| 300 |
_a281 p. ; _c20 cm. |
||
| 490 | 1 | _aColección de escritores gallegos | |
| 830 | 0 |
_aColección de escritores gallegos _9229038 |
|
| 852 |
_aES-MaACL _jD-8253 _bR.32324 |
||
| 999 |
_c23374 _d23374 |
||